[Event "Cutro op-B 08th"]
[Site "Cutro"]
[Date "2002.04.27"]
[Round "4"]
[White "Grano, Giuseppe"]
[Black "Conforti, Raffaello"]
[Result "0-1"]
[WhiteElo "1567"]
[BlackElo "1651"]
[PlyCount "106"]
[EventDate "2002.04.24"]
[EventType "swiss"]
[EventRounds "9"]
[EventCountry "ITA"]
[SourceTitle "EXT 2024"]
[Source "ChessBase"]
[SourceDate "2023.10.10"]
[SourceVersion "1"]
[SourceVersionDate "2023.10.10"]
[SourceQuality "1"]

1. Nf3 Nf6 2. d4 d6 3. e3 g6 4. Bd3 Bg7 5. 0-0 0-0 6. Nbd2 Nbd7 7. c3 c6 8. Re1 Re8 9. Qc2 e5 10. e4 Nb6 11. b4 Bd7 12. a4 a5 13. Bb2 Qc7 14. dxe5 dxe5 15. Qb3 Be6 16. c4 Nfd7 17. Ng5 c5 18. b5 Nf8 19. Qc3 Re7 20. f4 Bd7 21. Ngf3 f6 22. fxe5 fxe5 23. Nb3 Nc8 24. Bc1 h6 25. Be3 b6 26. Qc1 Kh7 27. Qc2 Nd6 28. Qf2 Ne6 29. Qh4 Nc8 30. Ng5+ Nxg5 31. Bxg5 Rf7 32. Rf1 Nd6 33. Nd2 Raf8 34. Be3 Be6 35. Nf3 Qe7 36. Bg5 Qc7 37. Bxh6 Bxh6 38. Ng5+ Kg8 39. Rxf7 Rxf7 40. Qxh6 Rf6 41. Nxe6 Rxe6 42. Rf1 Qe7 43. Rf3 Nf7 44. Qe3 Kg7 45. Rg3 Rf6 46. Rf3 Rd6 47. Qe2 Ng5 48. Rg3 Ne6 49. Qh5 Nf4 50. Qd1 Qd7 51. Qf1 Rxd3 52. Rxd3 Qxd3 53. Qxd3 Nxd3 0-1

[Event "Cutro op-B 08th"]
[Site "Cutro"]
[Date "2002.04.24"]
[Round "1"]
[White "Conforti, Raffaello"]
[Black "Procopio, Giuseppe"]
[Result "1-0"]
[WhiteElo "1651"]
[BlackElo "1432"]
[PlyCount "53"]
[EventDate "2002.04.24"]
[EventType "swiss"]
[EventRounds "9"]
[EventCountry "ITA"]
[SourceTitle "EXT 2024"]
[Source "ChessBase"]
[SourceDate "2023.10.10"]
[SourceVersion "1"]
[SourceVersionDate "2023.10.10"]
[SourceQuality "1"]

1. d4 d5 2. c4 e6 3. Nf3 Nf6 4. Bg5 Be7 5. e3 c6 6. Bd3 Nbd7 7. 0-0 0-0 8. Nbd2 Ne8 9. Bf4 Bd6 10. Bxd6 Nxd6 11. Qc2 h6 12. Rfe1 f5 13. Rac1 Nf7 14. Nf1 Ng5 15. N1d2 Ne4 16. Be2 Ndf6 17. Ne5 Qe8 18. Nxe4 Nxe4 19. cxd5 exd5 20. Bd3 Qe6 21. f3 Nd6 22. b3 Bd7 23. e4 fxe4 24. fxe4 dxe4 25. Rxe4 Nxe4 26. Bc4 Ng5 27. Nxd7 1-0